| 000 | 01027nam a22003017a 4500 | ||
|---|---|---|---|
| 003 | CHAP | ||
| 005 | 20220617062538.0 | ||
| 008 | 971013s1982 r 00010 d | ||
| 010 | _a52694 | ||
| 011 | _a53666 | ||
| 035 | _a57816 | ||
| 040 | _cCHAP | ||
| 082 |
_a633.61 _bF52 |
||
| 110 |
_aFideicomiso para Obras Sociales a Campesinos Cañeros de Escasos Recursos. México _940730 |
||
| 245 | _aInvestigación documental sobre la industria azucarera | ||
| 260 |
_a(San Luis Potosí, S.L.P. : _bs.e.), _c(1982) |
||
| 300 | _a131 p. | ||
| 590 |
_aBATCH-UPD _b10 _c20130110 _lUCH01 _h1917 |
||
| 590 |
_aBATCH-UPD _b10 _c20130410 _lUCH01 _h1243 |
||
| 590 |
_aBATCH-UPD _b10 _c20130914 _lUCH01 _h0836 |
||
| 590 |
_aCONVERSION _b10 _c20130109 _lUCH01 _h1328 |
||
| 650 | 1 | 4 |
_aCaña de azúcar _xBibliografía. _918582 |
| 650 | 1 | 3 |
_aIndustria azucarera _957780 |
| 901 | _aBK | ||
| 942 | _cLIBRO | ||
| 949 |
_a633.61 F52 _bBC _cC _d33724000654232 _eC _h61386 _i57816 _si |
||
| 949 |
_a633.61 F52 _bBC _cC _d33724000654349 _eC _fc.2 _h61387 _i57816 _si |
||
| 999 |
_c52694 _d52694 |
||